Every Eurovision Song Of The 1980s - Statistics

General Stats
  • This quiz has been taken 29 times
  • The average score is 73 of 200
Answer Stats
Year Country Artist Answer % Correct
1987 Ireland Johnny Logan Hold Me Now
100%
1981 United Kingdom Bucks Fizz Making Your Mind Up
100%
1983 Yugoslavia Danijel Džuli
94%
1988 United Kingdom Scott Fitzgerald Go
94%
1983 Israel Ofra Haza Hi
94%
1985 Norway Bobbysocks La det swinge
94%
1989 Yugoslavia Riva Rock Me
94%
1984 Ireland Linda Martin Terminal 3
94%
1980 Ireland Johnny Logan What's Another Year
94%
1985 Sweden Kikki Danielsson Bra vibrationer
88%
1984 Sweden Herrey's Diggi-loo Diggi-ley
88%
1982 Germany Nicole Ein bißchen Frieden
88%
1983 Sweden Carola Häggkvist Främling
88%
1986 Belgium Sandra Kim J'aime la vie
88%
1981 Germany Lena Valaitis Johnny Blue
88%
1988 Switzerland Céline Dion Ne partez pas sans moi
88%
1980 Netherlands Maggie MacNeal Amsterdam
81%
1980 Belgium Telex Euro-vision
81%
1981 Switzerland Peter, Sue & Marc Io senza te
81%
1980 Germany Katja Ebstein Theater
81%
1980 Switzerland Paola Cinéma
75%
1988 Luxembourg Lara Fabian Croire
75%
1982 Spain Lucía Él
75%
1989 Turkey Pan Bana bana
69%
1985 Germany Wind Für alle
69%
1987 Italy Umberto Tozzi & Raf Gente di mare
69%
1982 Israel Avi Toledano Hora
69%
1987 Yugoslavia Novi Fosili Ja sam za ples
69%
1988 Yugoslavia Srebrna Krila Mangup
69%
1985 Israel Izhar Cohen Olé, Olé
69%
1989 United Kingdom Live Report Why Do I Always Get it Wrong?
69%
1986 Turkey Klips ve Onlar Halley
63%
1981 France Jean Gabilou Humanahum
63%
1988 Austria Wilfried Lisa, Mona Lisa
63%
1984 United Kingdom Belle and the Devotions Love Games
63%
1985 United Kingdom Vikki Love Is...
63%
1983 Turkey Çetin Alp and the Short Wave Opera
63%
1980 Luxembourg Sophie & Magaly Papa Pingouin
63%
1986 Norway Ketil Stokkan Romeo
63%
1983 Luxembourg Corinne Hermès Si la vie est cadeau
63%
1988 Turkey MFÖ Sufi
63%
1984 Yugoslavia Vlado & Isolda Ciao amore
56%
1989 Portugal Da Vinci Conquistador
56%
1989 Sweden Tommy Nilsson En dag
56%
1980 Sweden Tomas Ledin Just nu!
56%
1984 Spain Bravo Lady, lady
56%
1985 Italy Al Bano & Romina Power Magic, Oh Magic
56%
1980 Turkey Ajda Pekkan Petr'oil
56%
1980 Austria Blue Danube Du bist Musik
50%
1982 Turkey Neco Hani?
50%
1981 Ireland Sheeba Horoscopes
50%
1983 Austria Westend Hurricane
50%
1982 Finland Kojo Nuku pommiin
50%
1986 Switzerland Daniela Simons Pas pour moi
50%
1981 Portugal Carlos Paião Play-back
50%
1987 Belgium Liliane Saint-Pierre Soldiers of Love
50%
1987 Greece Bang Stop!
50%
1986 Cyprus Elpida Tora zo
50%
1983 France Guy Bonnet Vivre
50%
1986 Ireland Luv Bug You Can Count On Me
50%
1982 Portugal Doce Bem bom
44%
1980 Morocco Samira Bensaïd Bitakat Hob
44%
1986 France Cocktail Chic Européennes
44%
1984 Turkey Beş Yıl Önce, On Yıl Sonra Halay
44%
1982 Yugoslavia Aska Halo, halo
44%
1981 Denmark Debbie Cameron & Tommy Seebach Krøller eller ej
44%
1981 Yugoslavia Seid Memic Vajta Lejla
44%
1980 United Kingdom Prima Donna Love Enough for Two
44%
1987 United Kingdom Rikki Only the Light
44%
1982 Austria Mess Sonntag
44%
1988 Sweden Tommy Körberg Stad i ljus
44%
1982 Denmark Brixx Video video
44%
1989 Switzerland Furbaz Viver senza tei
44%
1987 Luxembourg Plastic Bertrand Amour amour
38%
1988 Israel Yardena Arazi Ben Adam
38%
1985 Luxembourg Margo, Franck, Diane, Ireen, Malcolm & Chris Children, Kinder, Enfants
38%
1982 Sweden Chips Dag efter dag
38%
1985 Turkey MFÖ Didai didai dai
38%
1983 Norway Jahn Teigen Do re mi
38%
1983 Finland Ami Aspelund Fantasiaa
38%
1983 United Kingdom Sweet Dreams I'm Never Giving Up
38%
1982 United Kingdom Bardo One Step Further
38%
1980 Greece Anna Vissi and the Epikouri Otostop
38%
1983 Belgium Pas de Deux Rendez-vous
38%
1980 Norway Sverre Kjellsberg & Mattis Hætta Sámiid ædnan
38%
1989 Ireland Kiev Connolly & The Missing Passengers The Real Me
38%
1982 Switzerland Arlette Zola Amour on t'aime
31%
1989 Belgium Ingeborg Door de wind
31%
1988 Norway Karoline Krüger For vår jord
31%
1980 Finland Vesa-Matti Loiri Huilumies
31%
1988 Greece Aphroditi Fryda Kloun
31%
1988 Spain La Década La chica que yo quiero (Made in Spain)
31%
1989 Finland Anneli Saaristo La dolce vita
31%
1987 Germany Wind Laß die Sonne in dein Herz
31%
1988 Germany Maxi & Chris Garden Lied für einen Freund
31%
1981 Cyprus Island Monika
31%
1989 Spain Nina Nacida para amar
31%
1989 Austria Thomas Forstner Nur ein Lied
31%
1986 United Kingdom Ryder Runner in the Night
31%
1981 Belgium Emly Starr Samson
31%
1987 Turkey Seyyal Taner & Lokomotif Şarkım Sevgi Üstüne
31%
1988 Netherlands Gerard Joling Shangri-La
31%
1989 Denmark Birthe Kjær Vi maler byen rød
31%
1984 Luxembourg Sophie Carle 100% d'amour
25%
1981 Norway Finn Kalvik Aldri i livet
25%
1989 Italy Ana Oxa & Fausto Leali Avrei voluto
25%
1987 Sweden Lotta Engberg Boogaloo
25%
1988 France Gérard Lenorman Chanteur de charme
25%
1984 Denmark Hot Eyes Det' lige det
25%
1981 Turkey Modern Folk Trio & Ayşegül Dönme Dolap
25%
1989 Germany Nino de Angelo Flieger
25%
1984 Italy Alice & Battiato I treni di Tozeur
25%
1985 Austria Gary Lux Kinder dieser Welt
25%
1985 Spain Paloma San Basilio La fiesta terminó
25%
1986 Luxembourg Sherisse Laurence L'amour de ma vie
25%
1987 Norway Kate Gulbrandsen Mitt liv
25%
1982 Cyprus Anna Vissi Mono i agapi
25%
1983 Italy Riccardo Fogli Per Lucia
25%
1985 Switzerland Mariella Farré & Pino Gasparini Piano, piano
25%
1983 Spain Remedios Amaya ¿Quién maneja mi barca?
25%
1987 Netherlands Marcha Rechtop in de wind
25%
1981 Finland Riki Sorsa Reggae O.K.
25%
1983 Germany Hoffmann und Hoffmann Rücksicht
25%
1988 Iceland Beathoven Sókrates
25%
1980 Portugal José Cid Um grande, grande amor
25%
1986 Yugoslavia Doris Dragović Željo moja
25%
1982 Norway Jahn Teigen & Anita Skorgan Adieu
19%
1986 Netherlands Frizzle Sizzle Alles heeft ritme
19%
1989 Cyprus Fanny Polymeri & Yiannis Savvidakis Apopse as vrethoume
19%
1987 Cyprus Alexia Aspro mavro
19%
1989 Netherlands Justine Pelmelay Blijf zoals je bent
19%
1989 Israel Gili & Galit Derech Ha'melech
19%
1984 Austria Anita Einfach weg
19%
1985 Finland Sonja Lumme Eläköön elämä
19%
1987 Denmark Anne-Cathrine Herdorf En lille melodi
19%
1981 Sweden Björn Skifs Fångad i en dröm
19%
1981 Israel Habibi Halaylah
19%
1982 Ireland The Duskeys Here Today, Gone Tomorrow
19%
1984 Netherlands Maribelle Ik hou van jou
19%
1988 Denmark Kirsten & Søren Ka' du se hva' jeg sa'?
19%
1989 Luxembourg Park Café Monsieur
19%
1987 Israel Datner & Kushnir Shir Habatlanim
19%
1986 Germany Ingrid Peters Über die Brücke geh'n
19%
1989 Norway Britt Synnøve Johansen Venners nærhet
19%
1988 Portugal Dora Voltarei
19%
1984 Cyprus Andy Paul Ana Maria Lena
13%
1984 Germany Mary Roos Aufrecht geh'n
13%
1984 Belgium Jacques Zegers Avanti la vie
13%
1981 Luxembourg Jean-Claude Pascal C'est peut-être pas l'Amérique
13%
1986 Austria Timna Brauer Die Zeit ist einsam
13%
1986 Denmark Lise Haavik & Trax Du er fuld af løgn
13%
1981 Greece Yiannis Dimitras Feggari kalokerino
13%
1985 France Roger Bens Femme dans ses rêves aussi
13%
1986 Iceland Icy Gleðibankinn
13%
1987 Iceland Halla Margarét Hægt og hljótt
13%
1980 France Profil Hé, hé m'sieurs dames
13%
1983 Cyprus Stavros & Constantina I agapi akoma zi
13%
1989 France Nathalie Pâque J'ai volé la vie
13%
1982 Netherlands Bill van Dijk Jij en ik
13%
1983 Denmark Gry Johansen Kloden drejer
13%
1984 Norway Dollie de Luxe Lenge leve livet
13%
1987 France Christine Minier Les mots d'amour n'ont pas de dimanche
13%
1985 Greece Takis Biniaris Miazoume
13%
1987 Switzerland Carole Rich Moitié moitié
13%
1986 Portugal Dora Não sejas mau para mim
13%
1987 Spain Patricia Kraus No estás solo
13%
1980 Italy Alan Sorrenti Non so che darei
13%
1987 Austria Gary Lux Nur noch Gefühl
13%
1980 Spain Trigo Limpio Quédate esta noche
13%
1987 Finland Vicky Rosti Sata salamaa
13%
1984 Portugal Maria Guinot Silêncio e tanta gente
13%
1983 Netherlands Bernadette Sing Me a Song
13%
1982 Belgium Stella Si tu aimes ma musique
13%
1980 Denmark Bamses Venner Tænker altid på dig
13%
1988 Ireland Jump the Gun Take Him Home
13%
1989 Iceland Daníel Augúst Haraldsson Það sem enginn sér
13%
1988 Italy Luca Barbarossa Ti scrivo
13%
1989 Greece Marianna To thiko sou asteri
13%
1986 Spain Cadillac Valentino
13%
1985 Ireland Maria Christian Wait Until the Weekend Comes
13%
1981 Austria Marty Brem Wenn du da bist
13%
1981 Spain Bacchelli Y sólo tú
13%
1984 France Annick Thoumazeau Autant d'amoureux que d'étoiles
6%
1986 Sweden Lasse Holm & Monica Törnell E' de' det här du kallar kärlek?
6%
1983 Portugal Armando Gama Esta balada que te dou
6%
1984 Finland Kirka Hengaillaan
6%
1981 Netherlands Linda Williams Het is een wonder
6%
1983 Switzerland Mariella Farré Io così non ci sto
6%
1985 Belgium Linda Lepomme Laat me nu gaan
6%
1988 Belgium Reynaert Laissez briller le soleil
6%
1983 Greece Christie Stassinopoulou Mou les
6%
1988 Finland Boulevard Nauravat silmät muistetaan
6%
1985 Portugal Adelaide Penso em ti, eu sei
6%
1985 Denmark Hot Eyes Sku' du spørg' fra no'en
6%
1984 Switzerland Rainy Day Welche Farbe hat der Sonnenschein?
6%
1982 Luxembourg Svetlana Cours après le temps
0%
1987 Portugal Nevada Neste barco à vela
0%
1986 Finland Kari Kuivalainen Päivä kahden ihmisen
0%
1985 Cyprus Lia Vishy To katalava arga
0%
1986 Israel Moti Galadi & Sarai Tzuriel Yavoh Yom
0%
No matching quizzes found
Score Distribution
Percent of People with Each Score
Percentile by Number Answered
Your Score History
You have not taken this quiz